000 00578nam a2200241Ia 4500
003 OSt
005 20221005115015.0
006 a|||||r|||| 00| 0
007 ta
008 221004b |||||||| |||| 00| 0 mal d
024 _a53221
037 _cTextual
040 _aCRL
_cCRL
_bmal
041 _2mal
_amal
082 _aNS212, 32F5
100 _aSankunni Au.
_9626972
245 0 _aBhusuragograhanam
260 _c1925
650 _a DANCE
_936226
650 _aARTS
942 _hNS212, 32F5
_cTEXL
_2cc
999 _c1033137
_d1033137